| 000 | 00743nam a22001697a 4500 | ||
|---|---|---|---|
| 003 | OSt | ||
| 005 | 20140319175559.0 | ||
| 008 | 140318b1995 slv spa | ||
| 040 | _cBMC | ||
| 082 | _a346.0157284 | ||
| 245 | 0 | 3 |
_aEl ejercicio de la función notarial de acuerdo a la nueva normativa de familia _b: modelos y comentarios |
| 260 |
_aSan Salvador _bMinisterio de Justicia, Centro de Información Jurídica _c1995 |
||
| 300 |
_aVII, 96 p. _c22 cm |
||
| 594 | _1En la port.: Comisión Coordinadora para el Sector de la Justicia ; Unidad Técnica Ejecutoria (U.T.E.) ; Escuela de Capacitación Judicial ; Unidad de Capacitación del Proyecto de Reforma Judicial II | ||
| 650 | 2 | 4 |
_96814 _aDerecho de familia _zEl Salvador |
| 942 |
_2ddc _cBK |
||
| 999 |
_c8246 _d8246 |
||